ბათუმის შოთა რუსთაველის სახელმწიფო უნივერსიტეტის ბიბლიოთეკა

დეკორაციული მებაღეობა. (ბიბ.ჩანაწერი № 35338)

000 -LEADER
fixed length control field 00620nam a2200217Ia 4500
001 - CONTROL NUMBER
control field 1190
003 - CONTROL NUMBER IDENTIFIER
control field GE_BSU
008 - FIXED-LENGTH DATA ELEMENTS--GENERAL INFORMATION
fixed length control field 181216s||||||||xx |||||||||||||| ||und||
040 ## - CATALOGING SOURCE
Transcribing agency GE_BSU
080 ## - UNIVERSAL DECIMAL CLASSIFICATION NUMBER
Universal Decimal Classification number 635.9
100 ## - MAIN ENTRY--PERSONAL NAME
Personal name კერესელიძე ა.
245 ## - TITLE STATEMENT
Title დეკორაციული მებაღეობა.
260 ## - PUBLICATION, DISTRIBUTION, ETC.
Place of publication, distribution, etc. თბილისი.
260 ## - PUBLICATION, DISTRIBUTION, ETC.
Name of publisher, distributor, etc. ცოდნა.
260 ## - PUBLICATION, DISTRIBUTION, ETC.
Date of publication, distribution, etc. 1962.
300 ## - PHYSICAL DESCRIPTION
Extent 370 გვ. 21 სმ.
653 ## - INDEX TERM--UNCONTROLLED
Uncontrolled term დეკორაციული მებაღეობა.
653 ## - INDEX TERM--UNCONTROLLED
Uncontrolled term მებაღეობა.
942 ## - ADDED ENTRY ELEMENTS (KOHA)
Koha item type წიგნი
ეგზემპლარები
Withdrawn status Lost status Damaged status Not for loan Date acquired Barcode Date last seen Price effective from Koha item type
        2018-12-17 2804 2018-12-17 2018-12-17 წიგნი